000 00818nas a2200265 4500
001 BR0103742
003 BR-BrBNA
005 20231205102353.0
007 ta
008 230509b bl.|||p| |||| 00| 00por d
040 _aBR-BrBNA
_bpor
_cBiblioteca Nacional de Agricultura
041 _a(En)
072 _aF30
100 1 _aDestro, D.
100 1 _aCarpentieri-Pipolo, V.
100 1 _aKiihl, R.A. de S.
100 1 _aAlmeida, L.A. de
245 1 _aPhotoperiodism and genetic control of the long juvenile period in soybean: a review
650 _aSoja
650 _aFotoperiodismo
650 _aControle Genetico
773 0 _tCrop Breeding and Applied Biotechnology (Brazil)
_xISSN 1518-7853
_g(Mar 2001), v. 1(1) p. 72-92
_wBR0103742
909 _a202311
_bLúcia
_c55
_dLúcia Elande
942 _2AGRIS
_n0
_cANA
999 _c167228
_d167228